التنمية من اجل المستقبل : (رقم التسجيلة. 101977)

تفاصيل مارك
000 -LEADER
fixed length control field 00983cam a2200241 a 4500
003 - CONTROL NUMBER IDENTIFIER
control field EG-GiCUC
008 - FIXED-LENGTH DATA ELEMENTS--GENERAL INFORMATION
fixed length control field 080810s1986 ua g 000 0 ara d
040 ## - CATALOGING SOURCE
Original cataloging agency EG-GiCUC
Language of cataloging ara
Transcribing agency EG-GiCUC
043 ## - GEOGRAPHIC AREA CODE
Geographic area code f-ua---
092 04 - LOCALLY ASSIGNED DEWEY CALL NUMBER (OCLC)
Classification number 338.962
Item number T165
Edition number 21
099 ## - LOCAL FREE-TEXT CALL NUMBER (OCLC)
Classification number 04
-- 338.962 T165
245 02 - TITLE STATEMENT
Title التنمية من اجل المستقبل :
Remainder of title استراتيجية التنمية الاقتصادية و الاجتماعية الابعاد الاهداف السياسات
260 ## - PUBLICATION, DISTRIBUTION, ETC.
Place of publication, distribution, etc. القاهرة :
Name of publisher, distributor, etc. الحزب الوطنى الديمقراطى :
Date of publication, distribution, etc. 1986
300 ## - PHYSICAL DESCRIPTION
Extent 257ص ؛
Dimensions 28سم
651 #7 - SUBJECT ADDED ENTRY--GEOGRAPHIC NAME
Geographic name مصر
General subdivision الاحوال الاجتماعية
Source of heading or term qrmak
651 #7 - SUBJECT ADDED ENTRY--GEOGRAPHIC NAME
Geographic name مصر
General subdivision الاحوال الاقتصادية
Source of heading or term qrmak
651 #7 - SUBJECT ADDED ENTRY--GEOGRAPHIC NAME
Geographic name مصر
General subdivision التنمية الاقتصادية
Source of heading or term qrmak
902 ## - LOCAL DATA ELEMENT B, LDB (RLIN)
No. of Items 1
905 ## - LOCAL DATA ELEMENT E, LDE (RLIN)
Cataloger جيهان
Reviser مراجع
905 ## - LOCAL DATA ELEMENT E, LDE (RLIN)
Cataloger رضا
Reviser مدخل
942 ## - ADDED ENTRY ELEMENTS (KOHA)
Source of classification or shelving scheme Dewey Decimal Classification
Koha item type Books
المقتنيات
Source of classification or shelving scheme Not for loan Home library Current library Date acquired Full call number Barcode Date last seen Copy number Koha item type
Dewey Decimal Classification   المكتبة المركزبة الجديدة - جامعة القاهرة قاعة المكتبات المهداة - الدور الرابع 11.02.2024 338.962 T165 M.K. 01000104001383000 23.06.2024 C.1 Books
Cairo University Libraries Portal Implemented & Customized by: Eng. M. Mohamady Contacts: new-lib@cl.cu.edu.eg | cnul@cl.cu.edu.eg
CUCL logo CNUL logo
© All rights reserved — Cairo University Libraries
CUCL logo
Implemented & Customized by: Eng. M. Mohamady Contact: new-lib@cl.cu.edu.eg © All rights reserved — New Central Library
CNUL logo
Implemented & Customized by: Eng. M. Mohamady Contact: cnul@cl.cu.edu.eg © All rights reserved — Cairo National University Library